Normal view
MARC view
- 1399-1413 Biographical Fiction. Great Britain History Henry IV, 1399-1413.
Entry Topical Term
001 - CONTROL NUMBER
- control field: 86525
003 - CONTROL NUMBER IDENTIFIER
- control field: OSt
005 - DATE AND TIME OF LATEST TRANSACTION
- control field: 20250813104632.0
008 - FIXED-LENGTH DATA ELEMENTS
- fixed length control field: 250813|| aca||aabn | a|a d
040 ## - CATALOGING SOURCE
- Original cataloging agency: OSt
- Transcribing agency: OSt
150 ## - HEADING--TOPICAL TERM
- Topical term or geographic name as entry element: 1399-1413 Biographical Fiction. Great Britain History Henry IV, 1399-1413.
- Form subdivision: Fiction
670 ## - SOURCE DATA FOUND
- Source citation: Work cat.: (OSt)49270: O'Brien, Anne. 86524, Queen of the North / , 2018.